Электрические машины автоматических устройств: электронный курс

Dades bibliogràfiques
Autor principal: Киселёв А. В. Александр Викторович
Autor corporatiu: Национальный исследовательский Томский политехнический университет Инженерная школа энергетики Отделение электроэнергетики и электротехники (ОЭЭ)
Sumari:Заглавие с экрана
Дисциплина «Электрические машины автоматических устройств» относится к вариативной части вариативного междисциплинарного профессионального модуля. Для полноценного усвоения дисциплины большое значение имеют знания, умения, навыки и компетенции, приобретенные студентами при изучении следующих дисциплин (пререквизиты): «Электрические машины», «Электрические и электронные аппараты».
Доступ по логину и паролю
Idioma:rus
Publicat: Томск, TPU Moodle, 2015
Matèries:
Accés en línia:http://design.lms.tpu.ru/course/view.php?id=2801
Format: MixedMaterials Electrònic Llibre
KOHA link:https://koha.lib.tpu.ru/cgi-bin/koha/opac-detail.pl?biblionumber=660427

MARC

LEADER 00000nlm0a2200000 4500
001 660427
005 20231102030414.0
035 |a (RuTPU)RU\TPU\network\29843 
035 |a RU\TPU\network\29836 
090 |a 660427 
100 |a 20190628d2015 m y0rusy50 ca 
101 0 |a rus 
102 |a RU 
105 |a a j 000zy 
135 |a jrcn ---uucaa 
181 0 |a i  
182 0 |a b 
200 1 |a Электрические машины автоматических устройств  |e электронный курс  |f А. В. Киселёв  |g Национальный исследовательский Томский политехнический университет, Инженерная школа энергетики, Отделение электроэнергетики и электротехники (ОЭЭ) 
203 |a Текст  |c электронный 
210 |a Томск  |c TPU Moodle  |d 2015 
230 |a Электрон. дан. 
300 |a Заглавие с экрана 
330 |a Дисциплина «Электрические машины автоматических устройств» относится к вариативной части вариативного междисциплинарного профессионального модуля. Для полноценного усвоения дисциплины большое значение имеют знания, умения, навыки и компетенции, приобретенные студентами при изучении следующих дисциплин (пререквизиты): «Электрические машины», «Электрические и электронные аппараты». 
333 |a Доступ по логину и паролю 
606 1 |a Автоматические системы управления  |x Электрические устройства  |2 stltpush  |3 (RuTPU)RU\TPU\subj\859  |9 29665 
610 1 |a электронный ресурс 
610 1 |a труды учёных ТПУ 
610 1 |a электронное обучение 
610 1 |a электронные курсы ТПУ 
610 1 |a электронные учебные пособия 
610 1 |a учебные пособия 
610 1 |a электрические машины 
610 1 |a автоматические устройства 
610 1 |a микромашины 
610 1 |a системы автоматики 
675 |a 681.527(075.8)  |v 4 
700 1 |a Киселёв  |b А. В.  |c специалист в области электротехники  |c ассистент кафедры Томского политехнического университета, кандидат технических наук  |f 1986-  |g Александр Викторович  |2 stltpush  |3 (RuTPU)RU\TPU\pers\32342 
712 0 2 |a Национальный исследовательский Томский политехнический университет  |b Инженерная школа энергетики  |b Отделение электроэнергетики и электротехники (ОЭЭ)  |h 8022  |2 stltpush  |3 (RuTPU)RU\TPU\col\23505 
801 2 |a RU  |b 63413507  |c 20191226  |g RCR 
856 4 |u http://design.lms.tpu.ru/course/view.php?id=2801 
942 |c CF 
954 |a 13.03.02